| 000 | 01050cam a2200157 4500500 | ||
|---|---|---|---|
| 005 | 20260322005616.0 | ||
| 041 | _afre | ||
| 042 | _adc | ||
| 100 | 1 | 0 |
_aGibert, Pierre _eauthor |
| 245 | 0 | 0 | _aJacques de Voragine , La Légende dorée , Préface de Jacques Le Goff. Ed. publiée sous la dir. d’Alain Boureau. Gallimard, coll. Bibliothèque de la Pléiade, 2004, 1 550 pages, 67,50 €. Sylvie Barnay , Les Saints , Des êtres de chair et de ciel. Découvertes/ Gallimard, 2004, 176 pages, 13 € |
| 260 | _c2005. | ||
| 500 | _a60 | ||
| 520 | _aRésuméSi le paysage est bien l’expression d’un « sentiment du oui » au monde, il ne signifie pas pour autant qu’il faille « abandonner le refus et la révolte qui sont dans l’homme aussi essentiels que sa conscience même ». A l’instar du surréalisme, il s’agit de « repenser les noces rompues »... | ||
| 786 | 0 | _nÉtudes | 402 | 2 | 2005-02-01 | p. XXV-XXV | 0014-1941 | |
| 856 | 4 | 1 | _uhttps://shs.cairn.info/revue-etudes-2005-2-page-XXV?lang=fr&redirect-ssocas=7080 |
| 999 |
_c1749901 _d1749901 |
||